Опыт выполнения диссертационной работы при двойном руководстве (Россия-Франция); Инженерное образование и наука в мировом пространстве. GEER

מידע ביבליוגרפי
Parent link:Инженерное образование и наука в мировом пространстве. GEER.— 2006.— С. 65-68
מחבר ראשי: Шура Л. П.
מחברים אחרים: Каратаев В. Д. Владимир Дмитриевич, Ардиссон Ж.
שפה:רוסית
יצא לאור: 2006
נושאים:
פורמט: Book Chapter
KOHA link:https://koha.lib.tpu.ru/cgi-bin/koha/opac-detail.pl?biblionumber=103465

MARC

LEADER 00000naa2a2200000 4500
001 103465
005 20231031113649.0
035 |a (RuTPU)RU\TPU\book\111556 
090 |a 103465 
100 |a 20061017d2006 k y0rusy50 ca 
101 0 |a rus 
102 |a RU 
200 1 |a Опыт выполнения диссертационной работы при двойном руководстве (Россия-Франция)  |f Л. П. Шура, В. Д. Каратаев, Ж. Ардиссон 
463 0 |0 (RuTPU)RU\TPU\book\108763  |y 5-98298-085-4  |t Инженерное образование и наука в мировом пространстве. GEER  |o сборник трудов Международной конференции, посвященной 110-летию основания Томского политехнического университета и 100-летию первого выпуска сибирских инженеров, 1-2 июня 2006 г., Томск  |f Томский политехнический университет ; под ред. В. А. Власова [и др.]  |v С. 65-68  |d 2006  |p 374 с. 
610 1 |a диссертации 
610 1 |a двойное руководство 
610 1 |a Россия 
610 1 |a Франция 
610 1 |a совместная работа 
610 1 |a диссертационная работа 
610 1 |a труды учёных ТПУ 
700 1 |a Шура  |b Л. П. 
701 1 |a Каратаев  |b В. Д.  |c физик  |c доцент Томского политехнического университета, кандидат технических наук  |f 1944-  |g Владимир Дмитриевич  |2 stltpush  |3 (RuTPU)RU\TPU\pers\26558  |4 070 
701 1 |a Ардиссон  |b Ж. 
801 1 |a RU  |b 63413507  |c 20061017  |g PSBO 
801 2 |a RU  |b 63413507  |c 20120927  |g RCR 
942 |c BK